| 000 | 00480cam a2200193ua 4500 | ||
|---|---|---|---|
| 003 | OSt | ||
| 008 | 241101b |||||||| |||| 00| 0 eng d | ||
| 020 | _a0970 1338 | ||
| 041 | _aeng | ||
| 082 |
_a621.47 _bKAU/EN |
||
| 100 |
_aKaushika , N D . _96362 |
||
| 245 | _aEnergy resources and technology / | ||
| 250 | _a1 / | ||
| 260 |
_aIndia : _bScientific Publishers , _c1989. |
||
| 300 | _a224 ; . | ||
| 700 | 1 |
_aJha, E S . _96380 |
|
| 700 | 1 |
_aKaneff, S . _96381 |
|
| 942 | _cBK | ||
| 999 |
_c1924 _d1924 |
||